| 000 | 00594nam a2200193 i 4500 | ||
|---|---|---|---|
| 001 | 63608 | ||
| 003 | ES-MaACL | ||
| 005 | 20250817115632.0 | ||
| 007 | t| | ||
| 008 | 031212s1964 sp ||||1| spa d | ||
| 100 | 1 |
_aFesquet, Henri. _950622 |
|
| 245 | 1 | 4 |
_aLas florecillas del buen Papa Juan / _cHenri Fesquet ; traductor Francisco José Alcántara. |
| 250 | _a[1ª ed.]. | ||
| 260 |
_aBarcelona : _bEstela, _c1964. |
||
| 300 |
_a142 p. ; _c20 cm. |
||
| 700 | 1 |
_aAlcántara, Francisco José, _d1922-1999 _919493 |
|
| 852 |
_aES-MaACL _jC-27021 _bR.55317 |
||
| 999 |
_c63608 _d63608 |
||